An apartment house close up /

A photographic introduction to all the parts of an apartment house: doors, windows, elevators, hallways, rooms, laundry, etc.

Bibliographic Details
Main Author: Schaaf, Peter
Format: Book
Language:English
Published: New York, N.Y. : Four Winds Press, [1980]
Subjects:

MARC

Tag First Indicator Second Indicator Subfields
LEADER 00000pam a2200000 a 4500
001 in00000078661
005 20151008053901.0
008 800207s1980 nyua j 00010 engm
010 |a  80011301  
020 |a 0590076701 :  |c $7.95 
035 |a (OCoLC)06043132 
035 |9 AAH8950AM 
040 |a DLC  |c DLC  |d m.c.  |d TXA  |d UtOrBLW 
049 |a [Curr Col] TXAM  |c [387089] 
050 0 0 |a TH4820  |b .S3 
082 0 |a 690/.8314 
100 1 |a Schaaf, Peter. 
245 1 3 |a An apartment house close up /  |c by Peter Schaaf. 
264 1 |a New York, N.Y. :  |b Four Winds Press,  |c [1980] 
264 4 |c ©1980 
300 |a 26 unnumbered pages :  |b illustrations ;  |c 21 cm. 
336 |a text  |b txt  |2 rdacontent 
337 |a unmediated  |b n  |2 rdamedia 
338 |a volume  |b nc  |2 rdacarrier 
520 |a A photographic introduction to all the parts of an apartment house: doors, windows, elevators, hallways, rooms, laundry, etc. 
650 0 |a Apartment houses  |x Pictorial works  |x Juvenile literature. 
650 1 |a Vocabulary. 
650 1 |a Apartment houses  |x Pictorial works. 
999 |a MARS 
999 f f |s 661954c4-1523-3389-a7f3-370714c937b8  |i ff7f5d12-df1a-31a7-8846-732b0ada6260  |t 0 
952 f f |p ric  |a Texas A&M University  |b Rellis Campus  |c Joint Library Facility  |d Remote Storage  |t 0  |e TH4820 .S3  |h Library of Congress classification  |i unmediated -- volume  |m A14806056268 
998 f f |a TH4820 .S3  |t 0  |l Remote Storage